000
00310nam a2200121 a 4500
005
20140412111327.0
008
110121s19uu xx 00 eng d
050
_a
ER
_b
Ve48po 1997
100
_a
Zoehfeld, Kathleen
245
_a
Pooh plays doctor.
260
_a
New York :
_b
Scholastic,
_c
1997.
999
_c
104685
_d
104685